Green light for new Red Book (Record no. 71848)
[ view plain ]
| 000 -LEADER | |
|---|---|
| fixed length control field | 01305cam a2200205 4500 |
| 001 - CONTROL NUMBER | |
| control field | WB3901-39 |
| 008 - FIXED-LENGTH DATA ELEMENTS--GENERAL INFORMATION | |
| fixed length control field | 021223n2002 000 0 eng u |
| 035 ## - SYSTEM CONTROL NUMBER | |
| System control number | (Sirsi) u120877 |
| 245 ## - TITLE STATEMENT | |
| Title | Green light for new Red Book |
| 260 ## - PUBLICATION, DISTRIBUTION, ETC. | |
| Date of publication, distribution, etc. | 2002 |
| 490 ## - SERIES STATEMENT | |
| Series statement | RICS Valuation Faculty Update |
| Volume/sequential designation | January 2003, 1 |
| 490 ## - SERIES STATEMENT | |
| Series statement | RICS Valuation Faculty News |
| Volume/sequential designation | 19 December 2002, (2) |
| 520 ## - SUMMARY, ETC. | |
| Summary, etc. | RICS Valuation Faculty have completed a review of the Red Book which will be implemented in May 2003. Entitled 'RICS appraisal and valuation standards' the handbook reduces the size of the standards and makes them available online, reflects on the increasing international status of RICS and adopts and supports international valuation standards as well as clarifying worldwide standards and those specific to practice in a particular state and clarifies between Practice Statements (PS) and Guidance Notes (GN). New valuation requirements also include independence and objectivity www.rics.org/ricscms/bin/show?class=News&template=/includes/shownews.html&id=4498&faculty=Valuation&faculty=All%20Faculties |
| 590 ## - LOCAL NOTE (RLIN) | |
| Local note | WB |
| 650 ## - SUBJECT ADDED ENTRY--TOPICAL TERM | |
| Topical term or geographic name entry element | RICS APPRAISAL AND VALUATION MANUAL |
| 650 ## - SUBJECT ADDED ENTRY--TOPICAL TERM | |
| Topical term or geographic name entry element | RED BOOK AMENDMENTS |
| 650 ## - SUBJECT ADDED ENTRY--TOPICAL TERM | |
| Topical term or geographic name entry element | INTERNATIONAL STANDARDS |
| 690 ## - LOCAL SUBJECT ADDED ENTRY--TOPICAL TERM (OCLC, RLIN) | |
| Topical term or geographic name as entry element | PROPERTY-PROPERTY APPRAISAL AND VALUATION |
| 942 ## - ADDED ENTRY ELEMENTS (KOHA) | |
| Suppress in OPAC | 0 |
| Withdrawn status | Lost status | Source of classification or shelving scheme | Damaged status | Not for loan | Home library | Current library | Shelving location | Date acquired | Total Checkouts | Full call number | Barcode | Date last seen | Copy number | Price effective from | Koha item type |
|---|---|---|---|---|---|---|---|---|---|---|---|---|---|---|---|
| Dewey Decimal Classification | London | London | News article | 23/12/2002 | WB3901-39 | 120877-1001 | 06/08/2019 | 1 | 06/08/2019 | News article |